[Event "AUTO-INT-1356"]
[Site "http://www.queenalice.com/game.php?id=609312"]
[Date "2009.6.26"]
[Round "1"]
[White "igor20"]
[Black "Novo_Mestre"]
[Result "1-0"]
[WhiteElo "1650"]
[BlackElo "1667"]

1. e4 e6 2. d4 d5 3. e5 Nc6 4. Bb5 Bd7 5. Bxc6 Bxc6 6. Nf3 f6 7. Nc3 Bb4 8. Bd2
Bxc3 9. Bxc3 Qd7 10. b3 Ne7 11. Qe2 Bb5 12. Qe3 O-O-O 13. O-O-O Ng6 14. Rhe1 Ne7
15. Kb2 Nf5 16. Qd2 g5 17. h3 1-0

[Event "Challenge"]
[Site "http://www.queenalice.com/game.php?id=609508"]
[Date "2009.6.27"]
[Round "-"]
[White "gfreire"]
[Black "Novo_Mestre"]
[Result "1-0"]
[WhiteElo "1950"]
[BlackElo "1928"]

1. e4 c5 2. Nf3 d6 3. d4 cxd4 4. Nxd4 Nf6 5. Nc3 a6 6. Be2 e5 7. Nf3 Be6 8. O-O
Nbd7 9. Ng5 Nc5 10. Be3 b6 11. Nf3 Be7 12. h3 Nfxe4 13. Nxe4 Nxe4 14. Nd2 Nf6
15. b3 b5 16. c4 bxc4 17. Nxc4 Bxc4 18. Bxc4 d5 19. Be2 O-O 20. Bg5 Ne4 21. Bxe7
Qxe7 22. Qxd5 Nc3 23. Qd3 Nxe2+ 24. Qxe2 a5 25. Rfe1 Rfe8 26. Rad1 f6 27. Qe3
Rad8 28. Rxd8 Rxd8 29. Re2 h6 30. f4 Rd5 31. Qe4 Qc5+ 32. Kh2 Rd4 33. Qa8+ Kh7
34. fxe5 fxe5 35. Qf3 Kg8 36. a3 Qd6 37. Qg3 Qxa3 38. Rxe5 Kh7 39. Re6 1-0

[Event "Challenge"]
[Site "http://www.queenalice.com/game.php?id=609509"]
[Date "2009.6.27"]
[Round "-"]
[White "Novo_Mestre"]
[Black "gfreire"]
[Result "0-1"]
[WhiteElo "1899"]
[BlackElo "1965"]

1. e4 e5 2. Nf3 Nc6 3. Bb5 Nf6 4. Nc3 a6 5. Ba4 b5 6. Bb3 Na5 7. Bd5 c6 8. Bb3
Nxb3 9. axb3 Bd6 10. d4 Qe7 11. Be3 Bc7 12. Bg5 d6 13. d5 Bb7 14. Nh4 c5 15. Nf5
Qf8 16. O-O Bd8 17. f4 Nd7 18. Bxd8 Rxd8 19. fxe5 Nxe5 20. Ne2 Bc8 21. Neg3 Ng6
22. c4 Bd7 23. Qd3 Ne5 24. Qc3 g6 25. Ne3 Ra8 26. cxb5 Bxb5 27. Nc4 Qe7 28. Nxe5
dxe5 29. Rfc1 Rc8 30. b4 c4 31. Rd1 Qd6 32. Nf1 O-O 33. Ne3 Rc7 34. Ng4 Kh8 35.
Nxe5 Kg8 36. Rf1 f6 0-1

[Event "AUTO-ADV-1378"]
[Site "http://www.queenalice.com/game.php?id=609590"]
[Date "2009.6.27"]
[Round "1"]
[White "ferrari"]
[Black "Novo_Mestre"]
[Result "1-0"]
[WhiteElo "1904"]
[BlackElo "1674"]

1. d4 Nf6 2. Nf3 e6 3. Nc3 d5 4. e3 c5 5. Bb5+ Bd7 6. Bxd7+ Nbxd7 7. O-O Bd6 8.
Nb5 Bb8 9. c3 a6 10. Na3 b5 11. b3 e5 12. dxe5 Nxe5 13. Nxe5 Bxe5 14. Bb2 b4 15.
Nc2 bxc3 16. Ba3 Qc7 17. f4 Bd6 18. Qd3 O-O 19. Qxc3 Ne4 20. Qd3 Qb7 21. Rab1
Qc6 22. Rbd1 Nf6 23. Bb2 Be7 24. Bxf6 Bxf6 25. Qxd5 Qb5 26. a4 1-0

[Event "AUTO-ADV-1378"]
[Site "http://www.queenalice.com/game.php?id=609591"]
[Date "2009.6.27"]
[Round "1"]
[White "Novo_Mestre"]
[Black "ferrari"]
[Result "0-1"]
[WhiteElo "1681"]
[BlackElo "1897"]

1. e4 e5 2. Nf3 Nc6 3. Bb5 a6 4. Ba4 d6 5. d3 Bd7 6. Nc3 Nf6 7. Be3 Be7 8. Nd5
Nxd5 9. exd5 Na7 10. Bxd7+ Qxd7 11. O-O O-O 12. d4 e4 13. Nd2 Qf5 14. c4 c6 15.
f3 exf3 16. Rxf3 Qd7 17. Qc2 cxd5 18. cxd5 Rac8 19. Qe4 Rfe8 20. Rh3 g6 21. Rf1
Rf8 22. Bh6 Rfe8 23. Qf4 Bf8 24. Bxf8 Rxf8 25. Ne4 f5 0-1

[Event "AUTO-ADV-1378"]
[Site "http://www.queenalice.com/game.php?id=609604"]
[Date "2009.6.27"]
[Round "1"]
[White "tewald"]
[Black "Novo_Mestre"]
[Result "1-0"]
[WhiteElo "1808"]
[BlackElo "1715"]

1. e4 e6 2. d3 d5 3. Nd2 b6 4. Ngf3 Bd6 5. g3 Nd7 6. Bg2 Ngf6 7. O-O Bb7 8. Re1
dxe4 9. dxe4 e5 10. h3 Qe7 11. Nh2 h5 12. a3 Nc5 13. b4 Ne6 14. Nc4 Rd8 15. Bd2
O-O 16. Qc1 b5 17. Nxd6 Qxd6 18. Bc3 Nd4 19. Qb2 c5 20. bxc5 Qxc5 21. Bb4 Qxc2
22. Qxc2 Nxc2 23. Bxf8 Nxe1 24. Bxg7 Kxg7 25. Rxe1 Rd3 26. g4 1-0

[Event "AUTO-ADV-1378"]
[Site "http://www.queenalice.com/game.php?id=609605"]
[Date "2009.6.27"]
[Round "1"]
[White "Novo_Mestre"]
[Black "tewald"]
[Result "0-1"]
[WhiteElo "1732"]
[BlackElo "1794"]

1. e4 e6 2. d4 d5 3. e5 c5 4. Nf3 Nc6 5. Bb5 Bd7 6. O-O Nxe5 7. Bxd7+ Nxd7 8.
Nc3 Ngf6 9. Bf4 Nh5 10. Be3 c4 11. b3 Nb6 12. Ne5 Nf6 13. Qf3 Nbd7 14. bxc4 Nxe5
15. dxe5 Nd7 16. cxd5 Nxe5 17. Qe4 Nd7 18. dxe6 fxe6 19. Qxe6+ Be7 20. Nd5 Nf8
21. Qe5 Ng6 0-1

[Event "Challenge"]
[Site "http://www.queenalice.com/game.php?id=610885"]
[Date "2009.6.29"]
[Round "-"]
[White "Gilney"]
[Black "Novo_Mestre"]
[Result "0-1"]
[WhiteElo "1346"]
[BlackElo "2008"]

1. e4 e6 2. d4 d5 3. e5 c5 4. Qg4 cxd4 5. Qxd4 Nc6 6. Qf4 a6 7. Nh3 h6 8. g4 g5
9. Qe3 Bg7 10. f4 gxf4 11. Qxf4 Bxe5 12. Qf3 Nd4 13. Qd3 Qc7 14. g5 Nxc2+ 15.
Kd2 Nxa1 16. Qf3 Qc2+ 17. Ke3 Qxc1+ 18. Kf2 Qxb2+ 19. Be2 hxg5 20. Nxg5 Nf6 21.
Nd2 Qd4+ 22. Kg2 Qxd2 23. Rd1 Qxg5+ 24. Kf1 Rxh2 25. Ke1 Bg3+ 26. Kf1 Rf2+ 27.
Kg1 Rxf3 28. Bxf3 Qe3+ 29. Kg2 Qf2+ 30. Kh3 e5+ 31. Bg4 Bxg4# 0-1

[Event "Challenge"]
[Site "http://www.queenalice.com/game.php?id=610886"]
[Date "2009.6.29"]
[Round "-"]
[White "Novo_Mestre"]
[Black "Gilney"]
[Result "1-0"]
[WhiteElo "1936"]
[BlackElo "1342"]

1. d4 d5 2. c4 dxc4 3. Nc3 Nc6 4. e3 f5 5. Bxc4 e5 6. dxe5 Nxe5 7. Qxd8+ Kxd8 8.
Bb3 Nd3+ 9. Ke2 Nxc1+ 10. Rxc1 Bc5 11. Rd1+ Bd7 12. Nf3 Nf6 13. Ne5 Ke8 14. Nxd7
Nxd7 15. Nd5 c6 16. Nc7+ Kd8 17. Nxa8 Re8 18. Rd3 Kc8 19. Rhd1 f4 20. Rxd7 fxe3
21. fxe3 Rxe3+ 22. Kf1 a5 23. Rd8# 1-0

[Event "Challenge"]
[Site "http://www.queenalice.com/game.php?id=610978"]
[Date "2009.6.29"]
[Round "-"]
[White "Chess_Divine"]
[Black "Novo_Mestre"]
[Result "0-1"]
[WhiteElo "1812"]
[BlackElo "1979"]

1. e4 c5 2. Nf3 d6 3. d4 cxd4 4. Nxd4 Nf6 5. Nc3 a6 6. Bd3 e5 7. Nf3 Be6 8. Be3
Nbd7 9. O-O Be7 10. Re1 O-O 11. Nd5 Bxd5 12. exd5 Nb6 13. Bc4 Nxc4 0-1

[Event "Challenge"]
[Site "http://www.queenalice.com/game.php?id=610979"]
[Date "2009.6.29"]
[Round "-"]
[White "Novo_Mestre"]
[Black "Chess_Divine"]
[Result "1-0"]
[WhiteElo "1936"]
[BlackElo "1839"]

1. e4 e5 2. Nf3 Nc6 3. Bb5 d6 4. Nc3 a6 5. Bc4 Bd7 6. d4 exd4 7. Nxd4 Nxd4 8.
Qxd4 Nf6 9. b3 Be7 10. Bb2 O-O 11. Nd5 Nxd5 12. Qxg7# 1-0

[Event "AUTO-ADV-1380"]
[Site "http://www.queenalice.com/game.php?id=611020"]
[Date "2009.6.30"]
[Round "1"]
[White "Novo_Mestre"]
[Black "BOSQUES"]
[Result "0-1"]
[WhiteElo "1822"]
[BlackElo "1712"]

1. d4 d5 2. Nf3 Nc6 3. c4 dxc4 4. Nc3 e6 5. e3 b5 6. Nxb5 Ba6 7. Bxc4 Bb4+ 8.
Bd2 Bxd2+ 9. Qxd2 Bb7 10. O-O Nge7 11. Rac1 O-O 12. Nc3 Nb4 13. Qe2 a5 14. a3
Nbc6 15. Qd3 Nf5 0-1

[Event "AUTO-ADV-1380"]
[Site "http://www.queenalice.com/game.php?id=611021"]
[Date "2009.6.30"]
[Round "1"]
[White "BOSQUES"]
[Black "Novo_Mestre"]
[Result "1-0"]
[WhiteElo "1732"]
[BlackElo "1790"]

1. d4 Nf6 2. Nf3 e6 3. Nc3 d5 4. Bg5 Nbd7 5. Qd3 Be7 6. g3 c5 7. Ne5 Nxe5 8.
dxe5 Nd7 9. Bxe7 Qxe7 10. Bg2 Nxe5 11. Qb5+ Nc6 12. O-O-O O-O 13. Qd3 Nb4 14.
Qd2 d4 15. Ne4 Nxa2+ 16. Kb1 1-0

[Event "AUTO-ADV-1380"]
[Site "http://www.queenalice.com/game.php?id=611022"]
[Date "2009.6.30"]
[Round "1"]
[White "Novo_Mestre"]
[Black "jck2"]
[Result "0-1"]
[WhiteElo "1701"]
[BlackElo "1877"]

1. e4 c6 2. Nf3 d5 3. exd5 cxd5 4. d4 Nc6 5. c4 Nf6 6. Nc3 e6 7. Bg5 Be7 8. Bf4
O-O 9. cxd5 Nxd5 10. Nxd5 exd5 11. a3 Re8 12. Be2 Bd6 13. Bxd6 Qxd6 14. O-O Bg4
15. Qd3 Qe6 16. Rae1 Qf6 17. Ne5 Nxe5 18. dxe5 Qxe5 19. f3 Bf5 20. Qb5 Qd4+ 21.
Kh1 Qd2 22. h3 Re7 23. Kg1 Rae8 24. Kf2 Qd4+ 25. Kg3 h5 26. Kh2 a6 27. Rd1 Qf4+
0-1

[Event "AUTO-ADV-1380"]
[Site "http://www.queenalice.com/game.php?id=611023"]
[Date "2009.6.30"]
[Round "1"]
[White "jck2"]
[Black "Novo_Mestre"]
[Result "1-0"]
[WhiteElo "1886"]
[BlackElo "1691"]

1. d4 Nf6 2. c4 g6 3. Nc3 Bg7 4. e3 d6 5. Nf3 a6 6. Bd3 Nbd7 7. O-O b6 8. b4 e5
9. dxe5 dxe5 10. Ne4 Bb7 11. Qc2 Nxe4 12. Bxe4 Bxe4 13. Qxe4 O-O 14. Bb2 Re8 15.
Rfd1 c5 16. Qb7 Re7 17. Nxe5 Bxe5 18. Bxe5 Rxe5 19. Rxd7 Qe8 20. Rad1 cxb4 21.
Rxf7 Qxf7 22. Qxa8+ Kg7 23. Qd8 Qxc4 24. Rd7+ Kh6 25. Qf8+ Kg5 26. f4+ Kg4 27.
h3+ Kg3 28. fxe5 1-0

[Event "Challenge"]
[Site "http://www.queenalice.com/game.php?id=611056"]
[Date "2009.6.30"]
[Round "-"]
[White "Novo_Mestre"]
[Black "trolldetroy"]
[Result "0-1"]
[WhiteElo "1955"]
[BlackElo "2022"]

1. d4 d5 2. c4 c6 3. Nc3 dxc4 4. e4 e6 5. Bxc4 Nf6 6. a3 Be7 7. Nf3 Nbd7 8. Bf4
Nb6 9. b3 Nxc4 10. bxc4 O-O 11. O-O b6 12. Qd3 Bb7 13. Ne5 Nd7 14. Nxd7 Qxd7 15.
Rfd1 Rfd8 16. Qg3 Bf8 17. h4 g6 18. Qf3 Bg7 19. h5 Bxd4 20. hxg6 fxg6 21. Qd3
Bxf2+ 22. Kxf2 Qxd3 23. Rxd3 Rxd3 24. Ne2 c5 0-1